Т. 1 : Методическое руководство; Определение рудных минералов под микроскопом

Bibliographic Details
Parent link:Определение рудных минералов под микроскопом/ И. С. Волынский. Т. 1 : Методическое руководство.— , 1947-1949
Language:Russian
Published: 1947
Subjects:
Format: Book
KOHA link:https://koha.lib.tpu.ru/cgi-bin/koha/opac-detail.pl?biblionumber=120174

MARC

LEADER 00000nam2a2200000 4500
001 120174
005 20231101215605.0
035 |a (RuTPU)RU\TPU\book\130119 
090 |a 120174 
100 |a 20070817d1947 km y0rusy50 ca 
101 0 |a rus 
102 |a RU 
105 |a a z 001zy 
200 0 |a Т. 1 : Методическое руководство 
210 |d 1947 
215 |a 267 с.  |c ил. 
317 |5 63413507: КР-366  |a Поступила в НТБ в 2004 г. в составе книжного собрания профессора ТПИ К. В. Радугина 
320 |a Библиогр.: с. 261-264. 
461 1 |0 (RuTPU)RU\TPU\book\152439  |t Определение рудных минералов под микроскопом  |f И. С. Волынский  |v Т. 1 : Методическое руководство  |d 1947-1949 
606 1 |a Рудные минералы  |x Определение  |2 stltpush  |3 (RuTPU)RU\TPU\subj\72213  |9 85783 
610 1 |a методическое руководство 
610 1 |a минераграфические микроскопы 
610 1 |a оптические системы 
610 1 |a устройство 
610 1 |a шлифы 
610 1 |a полировка 
610 1 |a диагностические свойства 
610 1 |a кристаллооптика 
610 1 |a оптические свойства 
610 1 |a твердость 
610 1 |a радиография 
610 1 |a библиотека К. В. Радугина 
610 1 |a владельческая надпись 
675 |a 553.3/.4.08  |v 3 
801 1 |a RU  |b 63413507  |c 20070817  |g PSBO 
801 2 |a RU  |b 63413507  |c 20181106  |g PSBO 
942 |c BK